New Zealand Regions by HDI - Statistics

General Stats
  • This quiz has been taken 33 times
    32 since last reset
  • The average score is 9 of 14
Answer Stats
HDI Region % Correct
0.967 Auckland
100%
0.968 Wellington
94%
0.941 Canterbury
88%
0.935 Otago
88%
0.928 Southland
81%
0.930 Bay of Plenty
63%
0.896 Gisborne
56%
0.940 Taranaki
56%
0.931 Waikato
56%
0.918 West Coast
56%
0.937 Marlborough
50%
0.899 Northland
50%
0.920 Hawke's Bay
38%
0.914 Manawatū-Whanganui
31%
No matching quizzes found
Score Distribution
Percent of People with Each Score
Percentile by Number Answered
Your Score History
You have not taken this quiz since the last reset